LEADER 00775nam0 2200253 450 001 000004288 005 20060316121154.0 010 $a88-243-1270-5 100 $a20021030d1998----km-y0itay50------ba 101 0 $aita 102 $aIT 200 1 $aProfili del processo civile$eprocesso di esecuzione e procedimenti speciali$fGiovanni Verde, Bruno Capponi 210 $aNapoli$cJovene$d1998 215 $a452 p.$d24 cm 610 1 $aProcesso civile 676 $a347.4507 700 1$aVerde,$bGiovanni$0229709 701 1$aCapponi,$bBruno$0257212 801 0$aIT$bUNIPARTHENOPE$gRICA$2UNIMARC 912 $a000004288 951 $a347-P/1 [III]$b35551$cNAVA1$d20021030 951 $aE-0012$b35982$cNAVA3 996 $aProfili del processo civile$9698596 997 $aUNIPARTHENOPE